Archicofradía de la Guardia de Honor del Sagrado Corazón de Jesús, erigida por Ntro. Smo. Padre León XIII en la Iglesia de Santa Brígida de México

Detalles Bibliográficos
Autor Corporativo: Archicofradía de la Guardia de Honor del Sagrado Corazón de Jesús
Formato: Libro
Lenguaje:Spanish
Publicado: México : antigua imprenta de Murguía, 1913.
Edición:21° edición
Materias:
Colección:Banco de datos
Acervo:Seminario Conciliar de Nuestra Señora de Guadalupe Querétaro. Qro.. Biblioteca Florencio Rosas. Fondo Histórico
Descripción Física:128 p. + [1] h. de grab. : il. ; 14 cm.
Tema general:Asociaciones religiosas
Notas:Texto con signaturas. Encuadernación moderna
LEADER 00957nam a22002050004500
035 |a 5773 
041 0 |a spa 
110 1 |a Archicofradía de la Guardia de Honor del Sagrado Corazón de Jesús 
245 1 0 |a Archicofradía de la Guardia de Honor del Sagrado Corazón de Jesús, erigida por Ntro. Smo. Padre León XIII en la Iglesia de Santa Brígida de México 
250 |a 21° edición 
260 |a México : antigua imprenta de Murguía, 1913.  
300 |a 128 p. + [1] h. de grab. : il. ; 14 cm.  
500 |a Texto con signaturas. Encuadernación moderna 
504 |a Incluye índice de contenido 
610 1 4 |a Archicofradía de la Guardia de Honor del Sagrado Corazón de Jesús - Reglas y constituciones 
650 1 0 |a Asociaciones religiosas 
949 |a Fondo Histórico: 13064 
942 |c Q.R.H.T 
943 |g Seminario Conciliar de Nuestra Señora de Guadalupe Querétaro. Qro.. Biblioteca Florencio Rosas. Fondo Histórico 
999 |c 1087228  |d 1087228